Jak na počítač. Poznáváme LINUX : Příručka pro nás běžné uživatele

Saved in:
Bibliographic Details
Main Author: Satrapa, Pavel (Author)
Other Authors: Dvorský, Jakub (Illustrator)
Format: Book
Language:Czech
Published: Praha : Computer Press, 2001
Edition:1.vyd
Tags: Add Tag
No Tags, Be the first to tag this record!

MARC

LEADER 00000nam a22000003a 4500
001 stu61369
005 20150617225651.3
008 011002s2001----xr------------------cze-d
020 |a 80-7226-416-8 
040 |a STU  |b slo 
041 0 |a cze 
044 |a xr 
080 |a 681.3.06 
100 1 |a Satrapa, Pavel  |4 aut 
245 1 |a Jak na počítač. Poznáváme LINUX :  |b Příručka pro nás běžné uživatele 
250 |a 1.vyd 
260 |a Praha :  |b Computer Press,  |c 2001 
300 |a 72 s. Obr.,index 
700 1 |a Dvorský, Jakub  |4 ill 
996 |b CB2350  |c C*B2350  |l CCVI  |s P  |a 0  |w stu61369_0001